000 005950000a22001570004500
005 20240203105249.0
008 230817t ||||| |||| 00| 0 eng d
082 _a336.34
_bINT
110 _aInternational Women's Seminar
245 _a Beyond the debt crisis : structural transformations :
_bfinal report, International Women's Seminar, 23-25 April 1990, New York
260 _aNew York :
_bUnited Nations,
_c[1991]
300 _a83 p. ; 22 cm
_bBibliography included
650 _aDebts, External- Developing countries
650 _aWomen- Developing countries -Economic conditions
942 _cRP
999 _c615
_d615